LEADER 02575oas 2200985 a 450 001 9910375873603321 005 20260127110035.0 011 $a1557-7368 035 $a(DE-599)ZDB2006336-2 035 $a(OCoLC)40522632 035 $a(CONSER)sn 98034785 035 $a(CKB)954925533022 035 $a(DE-599)2006336-2 035 $a(EXLCZ)99954925533022 100 $a19981219a19829999 sy a 101 0 $aeng 135 $aurcnu|||||||| 181 $ctxt$2rdacontent 182 $cc$2rdamedia 183 $acr$2rdacarrier 200 10$aACM transactions on graphics 210 $aNew York, N.Y. $cAssociation for Computing Machinery 225 1 $a1982- : ACM series on computing methodologies 300 $aRefereed/Peer-reviewed 300 $aTitle varies slightly. 300 $aThe 3rd no. each year, <2002-> is Proceedings of ACM SIGGRAPH. 311 08$a0730-0301 410 0$aACM series on computing methodologies. 517 1 $aTOG 517 3 $aAssociation for Computing Machinery transactions on graphics 517 3 $aTransactions on graphics 531 0 $aACM trans. graph 606 $aComputer graphics$vPeriodicals 606 $aInfographie$vPe?riodiques 606 $aInfographie$vCongre?s 606 $a54.73 computer graphics$2bcl 606 $aComputer graphics$2fast$3(OCoLC)fst00872119 606 $a54.73 computer graphics$2nbc 608 $aPeriodicals.$2fast 608 $aPeriodicals.$2lcgft 615 0$aComputer graphics 615 6$aInfographie 615 6$aInfographie 615 7$a54.73 computer graphics. 615 7$aComputer graphics. 615 7$a54.73 computer graphics. 676 $a006.6 712 02$aAssociation for Computing Machinery 712 12$aSIGGRAPH (Conference). 801 0$bIUL 801 1$bIUL 801 2$bOCLCQ 801 2$bNSD 801 2$bCLU 801 2$bOCLCQ 801 2$bOCLCO 801 2$bOCLCQ 801 2$bOCLCA 801 2$bOCLCF 801 2$bOCLCO 801 2$bOCLCQ 801 2$bUUM 801 2$bOCLCQ 801 2$bAU@ 801 2$bVT2 801 2$bOCLCA 801 2$bNJT 801 2$bSFB 801 2$bOCLCQ 801 2$bU3W 801 2$bOCLCQ 801 2$bCNMTR 801 2$bOCLCQ 801 2$bUKSSU 801 2$bSRU 801 2$bBWN 801 2$bOCLCQ 801 2$bUEJ 801 2$bWAU 801 2$bOCLCL 801 2$bOCLCQ 906 $aJOURNAL 912 $a9910375873603321 996 $aACM transactions on graphics$9104607 997 $aUNINA